000 01026nam a22003375i 4500
999 _c14416
_d14416
001 20475021
003 OSt
005 20190918142941.0
008 180427s2018 cau 000 0 eng
010 _a 2018942741
020 _a9781526445650 (pbk.)
020 _a9781526445643 (hardback)
040 _aDLC
_beng
_erda
_cDLC
042 _apcc
082 _22018
_aDC 300.72123
_bF641
100 1 _aFlick, Uwe.
_939756
245 1 3 _aAn introduction to qualitative research /
_cUwe Flick.
250 _a6th edition.
263 _a1812
264 1 _aThousand Oaks, CA :
_bSAGE Publications,
_c2018.
300 _avi, 653 pages;
_b 23 cm.
336 _atext
_btxt
_2rdacontent
337 _aunmediated
_bn
_2rdamedia
338 _avolume
_bnc
_2rdacarrier
500 _aIncludes bibliographical references and index.
650 _aSocial sciences -- Methodology
_939757
650 _aQualitative Research
_939758
906 _a0
_bibc
_corignew
_d2
_eepcn
_f20
_gy-gencatlg
942 _2ddc
_cDC